| 000 | 00840nam a2200217 a 4500 | ||
|---|---|---|---|
| 008 | 100212s1994 ||||||||||||||||| || u | ||
| 050 | _aEPAT(01) | ||
| 100 | _aGuizlo, Marl | ||
| 245 | 1 | 0 |
_aPopulation and land degradation _cDaniel C. Clay; Mark Guizlo; Sally Wallace |
| 260 |
_aWisconsin: _bEPAT/MUCIA _c1994 |
||
| 300 | _a24p.: ill. | ||
| 350 | _a0.00 | ||
| 490 | _aEPAT Working papers | ||
| 650 | _aPOPULATION--ENVIRONMENTAL ASPECTS | ||
| 650 | _aENVIRONMENT | ||
| 650 | _aLAND DEGRADATION--ENVIRONMENTAL ASPECTS | ||
| 700 | _aClay, Daniel C | ||
| 700 | _aWallace, Sally | ||
| 710 | _aEnvironmental and Natural Resources Policy and Training Project (EPAT) | ||
| 995 |
_D0.00 _FCBU-MAIN LIBRARY (Kitwe) _H1 _I0.00 _M1 _UAVAILABLE _WFeb 12, 2010 _ZInternational Publications |
||
| 999 |
_c54002 _d54002 |
||